Common Knowledge NBA 2021-2022 - Statistics

General Stats
  • This quiz has been taken 488 times
  • The average score is 8 of 12
Answer Stats
Question Answer % Correct
What Team Does Lebron Play For? Lakers
100%
What Team Was Ben Simmons Traded To? Nets
96%
What Team Won The Finals Last Year? Bucks
88%
What Team Won The Finals 2 Years Ago? Lakers
86%
What Team Does Carmelo Play For? Lakers
79%
What Team Does CJ McCollum Play For? Pelicans
75%
What Is Lebrons Nickname King James
71%
What Team Is The Best In The East? Heat
63%
What Team Does James Harden Play For? Sixers
57%
Who Did Lebron Surpass In Scoring? Karl Malone
29%
What College Did CJ McCollum Go To? (The Best College!) Lehigh
25%
What Team Was The Best Suns
25%
No matching quizzes found
Score Distribution
Percent of People with Each Score
Percentile by Number Answered
Your Score History
You have not taken this quiz